[Event "GER-chT U12"]
[Site "Magdeburg"]
[Date "2023.12.30"]
[Round "7.6"]
[White "Sriram, Aumkar"]
[Black "Splitt, Albert"]
[Result "1-0"]
[WhiteElo "1191"]
[BlackElo "1213"]
[PlyCount "119"]
[EventDate "2023.12.26"]
[EventType "team-swiss"]
[EventRounds "7"]
[EventCountry "GER"]
[SourceTitle "CBM 218 Extra"]
[Source "ChessBase"]
[SourceDate "2024.03.31"]
[SourceVersion "1"]
[SourceVersionDate "2024.03.31"]
[SourceQuality "1"]
[WhiteTeam "Walldorf"]
[BlackTeam "Barnim Schachfreunde"]
[WhiteTeamCountry "GER"]
[BlackTeamCountry "GER"]

1. e4 e5 2. Nf3 Nc6 3. d4 exd4 4. Nxd4 Bc5 5. Nb3 Bb6 6. Nc3 Nf6 7. Qe2 d6 8. f3 0-0 9. Be3 Bxe3 10. Qxe3 Re8 11. 0-0-0 Bd7 12. g4 Be6 13. h4 Qe7 14. h5 Ne5 15. g5 Nfd7 16. Be2 Nb6 17. f4 Nc6 18. f5 Bxf5 19. Bf3 Nc4 20. Qe2 Qxg5+ 21. Kb1 Be6 22. Rdg1 Qf6 23. Rg3 N6e5 24. Rhg1 g6 25. hxg6 hxg6 26. Rf1 Qh4 27. Rfg1 Nxf3 28. Qxf3 Ne5 29. Qe3 Kg7 30. Qf2 Rh8 31. Nd5 Bxd5 32. exd5 b6 33. Rf1 Raf8 34. a3 f5 35. Nd4 Rf6 36. Nxf5+ Rxf5 37. Qxf5 Qe7 38. Qg5 Qxg5 39. Rxg5 Nc4 40. Kc1 Ne3 41. Rfg1 Rh6 42. b3 Kf6 43. Kd2 Nf5 44. R5g2 Nd4 45. Rf2+ Kg7 46. Kd3 c5 47. dxc6 Nxc6 48. Rfg2 Ne5+ 49. Ke4 Rh4+ 50. Kd5 Rh5 51. Kxd6 Rf5 52. Ke6 Rh5 53. Rg5 Rxg5 54. Rxg5 Nf3 55. Rd5 Ne1 56. Rd7+ Kh6 57. Rxa7 Nxc2 58. Ke5 g5 59. a4 g4 60. Kf4 1-0

[Event "GER-chT U12"]
[Site "Munich"]
[Date "2022.12.30"]
[Round "7"]
[White "Splitt, Albert"]
[Black "Geschke, Jonathan"]
[Result "0-1"]
[WhiteElo "1067"]
[BlackElo "1151"]
[PlyCount "114"]
[EventDate "2022.12.26"]
[EventType "team-swiss"]
[EventRounds "7"]
[EventCountry "GER"]
[SourceTitle "CBM 212 Extra"]
[Source "ChessBase"]
[SourceDate "2023.03.31"]
[SourceVersion "1"]
[SourceVersionDate "2023.03.31"]
[SourceQuality "1"]
[WhiteTeam "Barnim Schachfreunde"]
[BlackTeam "Fritzdorf"]
[WhiteTeamCountry "GER"]
[BlackTeamCountry "GER"]

1. d4 d5 2. Nc3 Nf6 3. f3 Bf5 4. Bg5 h6 5. Bxf6 exf6 6. e4 dxe4 7. fxe4 Bh7 8. Nf3 Be7 9. Bc4 0-0 10. Qd2 Nd7 11. 0-0-0 Nb6 12. Bd3 Qd6 13. Qe3 Qd7 14. Qd2 a5 15. Rdg1 a4 16. g4 a3 17. b3 Bb4 18. Bb5 Bxc3 19. Qxc3 Qxb5 20. Qe3 Rfe8 21. Nd2 Rad8 22. h4 Qb4 23. c3 Qe7 24. Re1 Qe6 25. Rhg1 Rd7 26. g5 Rde7 27. Rg2 Bxe4 28. Rge2 Bf5 29. Qxe6 Rxe6 30. Rxe6 Rxe6 31. Rg1 fxg5 32. hxg5 hxg5 33. Nf3 f6 34. Kd2 Nd5 35. c4 Nf4 36. d5 Re2+ 37. Kc3 Re3+ 38. Kd4 Rxf3 39. Re1 Kf7 40. c5 Rf2 41. d6 cxd6 42. cxd6 Rxa2 43. Re7+ Kf8 44. Rxb7 Rb2 45. Rb8+ Kf7 46. Rb7+ Kg6 47. Ra7 Rxb3 48. Kc4 Rf3 49. d7 Bxd7 50. Rxd7 a2 51. Ra7 Rf2 52. Kb3 g4 53. Kc3 g3 54. Kd4 g2 55. Ke3 g1Q 56. Ke4 Qe1+ 57. Kd4 Rd2+ 0-1

[Event "GER-chT U12"]
[Site "Munich"]
[Date "2022.12.29"]
[Round "5"]
[White "Rokhmanova, Vitalina"]
[Black "Splitt, Albert"]
[Result "1-0"]
[WhiteElo "1312"]
[BlackElo "1067"]
[PlyCount "47"]
[EventDate "2022.12.26"]
[EventType "team-swiss"]
[EventRounds "7"]
[EventCountry "GER"]
[SourceTitle "CBM 212 Extra"]
[Source "ChessBase"]
[SourceDate "2023.03.31"]
[SourceVersion "1"]
[SourceVersionDate "2023.03.31"]
[SourceQuality "1"]
[WhiteTeam "Dresden Striesen"]
[BlackTeam "Barnim Schachfreunde"]
[WhiteTeamCountry "GER"]
[BlackTeamCountry "GER"]

1. e4 e5 2. Nf3 Nc6 3. Bc4 Bc5 4. c3 d6 5. d3 Bg4 6. Nbd2 Nf6 7. b4 Bb6 8. a4 a6 9. h3 Bh5 10. 0-0 Qd7 11. Qc2 Ne7 12. Re1 Ng6 13. d4 exd4 14. cxd4 Kf8 15. Bb2 Nf4 16. e5 dxe5 17. Rxe5 Nxh3+ 18. Kf1 Nf4 19. Rae1 Re8 20. Rxe8+ Nxe8 21. Ne5 Qd6 22. Qf5 Qf6 23. Nd7+ Kg8 24. Rxe8# 1-0

[Event "GER-chT U12"]
[Site "Munich"]
[Date "2022.12.28"]
[Round "4"]
[White "Arndt, Niklas"]
[Black "Splitt, Albert"]
[Result "1-0"]
[WhiteElo "1171"]
[BlackElo "1067"]
[PlyCount "129"]
[EventDate "2022.12.26"]
[EventType "team-swiss"]
[EventRounds "7"]
[EventCountry "GER"]
[SourceTitle "CBM 212 Extra"]
[Source "ChessBase"]
[SourceDate "2023.03.31"]
[SourceVersion "1"]
[SourceVersionDate "2023.03.31"]
[SourceQuality "1"]
[WhiteTeam "Heilbronn"]
[BlackTeam "Barnim Schachfreunde"]
[WhiteTeamCountry "GER"]
[BlackTeamCountry "GER"]

1. e4 e5 2. Nf3 Nc6 3. Bc4 Bc5 4. Nc3 d6 5. h3 Bd7 6. d3 h6 7. 0-0 Nf6 8. Bd2 Qe7 9. Nd5 Nxd5 10. Bxd5 0-0-0 11. Bc3 g5 12. d4 exd4 13. Nxd4 Ne5 14. Re1 Rdg8 15. Nf5 Qf6 16. Nd4 g4 17. hxg4 Nxg4 18. Nf3 Bxf2+ 19. Kf1 Bxe1 20. Bxf6 Ne3+ 21. Kxe1 Nxd1 22. Bxh8 Rxh8 23. Rxd1 f5 24. exf5 Bxf5 25. Nd4 Re8+ 26. Kd2 Bg4 27. Re1 Rf8 28. c3 Rf2+ 29. Kc1 Bh5 30. Bf3 Bg6 31. Bg4+ Kd8 32. Ne6+ Ke7 33. Nf4+ Kf7 34. Nxg6 Kxg6 35. Bf3 Kg5 36. Re7 Rf1+ 37. Kd2 Rf2+ 38. Re2 Rf1 39. Re7 Rf2+ 40. Kc1 Rf1+ 41. Kc2 Rf2+ 42. Kb3 c5 43. Rxb7 a5 44. Rd7 Rd2 45. Ka3 Kf5 46. b4 Rd3 47. bxc5 Rxc3+ 48. Ka4 dxc5 49. Kxa5 Ra3+ 50. Kb5 Rc3 51. Rd5+ Ke6 52. Rxc5 Ra3 53. Rc6+ Ke5 54. Rxh6 Rxa2 55. g4 Kf4 56. Rf6+ Kg3 57. Kc5 Rf2 58. Kd5 Rxf3 59. Rxf3+ Kxf3 60. g5 Kf4 61. g6 Kf5 62. g7 Kf6 63. g8Q Ke7 64. Qg7+ Kd8 65. Kd6 1-0

[Event "GER-chT U12"]
[Site "Munich"]
[Date "2022.12.28"]
[Round "3"]
[White "Splitt, Albert"]
[Black "Jablonski, Ture"]
[Result "0-1"]
[WhiteElo "1067"]
[BlackElo "1038"]
[PlyCount "68"]
[EventDate "2022.12.26"]
[EventType "team-swiss"]
[EventRounds "7"]
[EventCountry "GER"]
[SourceTitle "CBM 212 Extra"]
[Source "ChessBase"]
[SourceDate "2023.03.31"]
[SourceVersion "1"]
[SourceVersionDate "2023.03.31"]
[SourceQuality "1"]
[WhiteTeam "Barnim Schachfreunde"]
[BlackTeam "Werder Bremen"]
[WhiteTeamCountry "GER"]
[BlackTeamCountry "GER"]

1. e4 c5 2. Nf3 Nc6 3. Bc4 d6 4. Nc3 Nf6 5. d3 g6 6. Bg5 Bg7 7. Qd2 0-0 8. 0-0-0 Bd7 9. Bh6 Na5 10. Bd5 Qb6 11. Qg5 Nxd5 12. Nxd5 Qxb2+ 13. Kd2 Qxa2 14. Bxg7 Kxg7 15. h4 f6 16. Qg3 e6 17. Nc3 Nb3+ 18. Ke2 Qxc2+ 19. Nd2 Nxd2 20. Rxd2 Qxc3 21. h5 f5 22. hxg6 hxg6 23. Qh4 Kf7 24. Qg5 Rh8 25. Rf1 fxe4 26. f3 exd3+ 27. Rxd3 Bb5 28. Qf4+ Qf6 29. Qxd6 Bxd3+ 30. Qxd3 Rad8 31. Qb3 Qe5+ 32. Kf2 Rd2+ 33. Kg1 Qd4+ 34. Rf2 Qxf2# 0-1